[Event "4NCL Division 2a"]
[Site "Hinckley Island ENG"]
[Date "2014.02.15"]
[Round "5.11"]
[White "Pitcher, John"]
[Black "Sathyanandha, Saravanan"]
[Result "1-0"]
[WhiteElo "2251"]
[BlackElo "2188"]
[PlyCount "67"]
[EventDate "2014.02.15"]
[WhiteTeam "Warwickshire Select 1"]
[BlackTeam "KJCA Kings"]

1. e4 e6 2. d4 d5 3. e5 c5 4. c3 Qb6 5. Nf3 Nc6 6. Be2 cxd4 7. cxd4 Nh6 8. b3
Nf5 9. Bb2 Bb4+ 10. Kf1 Be7 11. h4 O-O 12. g4 Nh6 13. Rg1 f6 14. exf6 Rxf6 15.
g5 Rxf3 16. gxh6 Rf7 17. Bd3 Bxh4 18. Rxg7+ Rxg7 19. hxg7 Ne5 20. Bc2 Qb5+ 21.
Kg1 Ng6 22. Qh5 Qe8 23. Nd2 Qf7 24. Nf3 Bf6 25. Kh1 Bd7 26. Rg1 Kxg7 27. Rg3
Rc8 28. Bd3 Be8 29. Rh3 Kg8 30. Nh2 Nf8 31. Ng4 Bg7 32. Bxh7+ Nxh7 33. Qxh7+
Kf8 34. Ba3+ 1-0

[Event "4NCL Division 2a"]
[Site "Hinckley Island ENG"]
[Date "2014.02.15"]
[Round "5.12"]
[White "Jones, William EG"]
[Black "Mason, Donald J"]
[Result "1/2-1/2"]
[WhiteElo "2131"]
[BlackElo "2203"]
[PlyCount "48"]
[EventDate "2014.02.15"]
[WhiteTeam "KJCA Kings"]
[BlackTeam "Warwickshire Select 1"]

1. e4 e6 2. d4 d5 3. Nc3 Bb4 4. e5 c5 5. a3 Bxc3+ 6. bxc3 Ne7 7. Qg4 O-O 8. Bd3
f5 9. exf6 Rxf6 10. Bg5 Rf7 11. Qh5 g6 12. Qd1 Nbc6 13. Nf3 Qf8 14. O-O c4 15.
Be2 h6 16. Bc1 Bd7 17. a4 Rd8 18. Ba3 Bc8 19. Ne5 Nxe5 20. dxe5 Qg7 21. Bxe7
Rxe7 22. Qd4 Rf8 23. f4 a6 24. Bg4 Bd7 1/2-1/2

[Event "4NCL Division 2a"]
[Site "Hinckley Island ENG"]
[Date "2014.02.15"]
[Round "5.13"]
[White "Thomas, Nicholas"]
[Black "Green, Andrew D"]
[Result "1-0"]
[WhiteElo "2299"]
[BlackElo "2122"]
[PlyCount "113"]
[EventDate "2014.02.15"]
[WhiteTeam "Warwickshire Select 1"]
[BlackTeam "KJCA Kings"]

1. e4 c5 2. g3 d5 3. d3 dxe4 4. dxe4 Qxd1+ 5. Kxd1 b6 6. Nc3 e6 7. Nb5 Na6 8.
f3 Bb7 9. c3 Be7 10. Kc2 g5 11. Bg2 Kd7 12. Nh3 h6 13. Rd1+ Kc6 14. a4 Nc7 15.
Na3 Rd8 16. Be3 Rxd1 17. Rxd1 e5 18. f4 Nf6 19. Nf2 gxf4 20. gxf4 Nd7 21. Nc4
Ba6 22. Bh3 Ne6 23. Nxe5+ Nxe5 24. fxe5 Be2 25. Rd2 Bf3 26. Bf1 Bg5 27. Bb5+
Kc7 28. Rd7+ Kb8 29. Bxg5 hxg5 30. h3 g4 31. hxg4 Rh2 32. Rd2 Rg2 33. Bf1 Rh2
34. Bc4 Rg2 35. Bd5 Kc7 36. Kd3 Rg3 37. Kc4 Rg2 38. Kd3 Rg3 39. Kc2 Rg2 40. a5
bxa5 41. Kd3 Rg3 42. Kc4 Rg2 43. Bxe6 fxe6 44. Kxc5 a6 45. Kd4 Bxg4 46. Ke3 Bh5
47. Rd6 Rg3+ 48. Kd4 Be2 49. Rxe6 a4 50. Rf6 Kd7 51. e6+ Ke7 52. e5 Bb5 53. c4
Bc6 54. Nd3 Bg2 55. Nf4 Bh3 56. Nd5+ Ke8 57. Rh6 1-0

[Event "4NCL Division 2a"]
[Site "Hinckley Island ENG"]
[Date "2014.02.15"]
[Round "5.14"]
[White "Hookham, James"]
[Black "Stepanyan, Henrik"]
[Result "1-0"]
[WhiteElo "2090"]
[BlackElo "2036"]
[PlyCount "59"]
[EventDate "2014.02.15"]
[WhiteTeam "KJCA Kings"]
[BlackTeam "Warwickshire Select 1"]

1. e4 e5 2. Bc4 Nc6 3. Nf3 Nf6 4. d3 Be7 5. O-O O-O 6. Nc3 d6 7. h3 Na5 8. Bb3
Nxb3 9. axb3 Nd7 10. d4 Kh8 11. Re1 exd4 12. Nxd4 Nc5 13. b4 Ne6 14. Nd5 Bg5
15. Nf5 Bxc1 16. Qxc1 c6 17. Nde3 Ng5 18. Qd2 Nxe4 19. Qd4 Nf6 20. Nxd6 Be6 21.
Red1 b6 22. Qe5 Qc7 23. Qg5 h6 24. Qh4 Rfd8 25. Ndf5 Rxd1+ 26. Rxd1 Qe5 27. Nd4
Rd8 28. Nf3 Rxd1+ 29. Nxd1 Bf5 30. Nxe5 1-0

[Event "4NCL Division 2a"]
[Site "Hinckley Island ENG"]
[Date "2014.02.15"]
[Round "5.15"]
[White "James, Ann-Marie"]
[Black "Foord, Dominic"]
[Result "1-0"]
[WhiteElo "2068"]
[BlackElo "2094"]
[PlyCount "75"]
[EventDate "2014.02.15"]
[WhiteTeam "Warwickshire Select 1"]
[BlackTeam "KJCA Kings"]

1. e4 e5 2. Nf3 Nc6 3. d4 exd4 4. Nxd4 Bc5 5. Be3 Qf6 6. Nb5 Bxe3 7. fxe3 Kd8
8. N1c3 Nge7 9. Qd2 d6 10. O-O-O a6 11. Nd4 Be6 12. Be2 Kc8 13. Rdf1 Qg6 14.
Nxe6 Qxe6 15. Rf4 Ne5 16. Rhf1 b6 17. Nd5 Kb7 18. Nxe7 Qxe7 19. Qd5+ Kb8 20.
Rxf7 Nxf7 21. Rxf7 Qh4 22. Kd2 Qxh2 23. Rxg7 Qe5 24. Qf7 d5 25. exd5 Re8 26. e4
Kb7 27. c3 Rad8 28. Bf3 h6 29. Kc2 Kb8 30. Qg6 Rd6 31. Qh7 Rf6 32. Rd7 Qf4 33.
Qg7 b5 34. Kb3 Rb6 35. d6 cxd6 36. Qd4 Kc8 37. Ra7 Rb8 38. Qg7 1-0

[Event "4NCL Division 2a"]
[Site "Hinckley Island ENG"]
[Date "2014.02.15"]
[Round "5.16"]
[White "Maguire, Robert"]
[Black "Hynes, AM (Tony)"]
[Result "1/2-1/2"]
[WhiteElo "1980"]
[BlackElo "2164"]
[PlyCount "50"]
[EventDate "2014.02.15"]
[WhiteTeam "KJCA Kings"]
[BlackTeam "Warwickshire Select 1"]

1. e4 e5 2. Nf3 Nc6 3. Bb5 a6 4. Ba4 Nf6 5. O-O b5 6. Bb3 Bc5 7. d3 O-O 8. Bg5
h6 9. Bh4 g5 10. Bg3 d6 11. c3 Bg4 12. Nbd2 Nh5 13. Bd5 Nxg3 14. hxg3 Qe8 15.
b4 Bb6 16. Qb3 Rd8 17. a4 Nb8 18. axb5 axb5 19. Qc2 c6 20. Bb3 Bc8 21. Rfe1 Bb7
22. Nf1 Nd7 23. Ne3 Bxe3 24. Rxe3 Ra8 25. Ree1 Qe7 1/2-1/2

[Event "4NCL Division 2a"]
[Site "Hinckley Island ENG"]
[Date "2014.02.15"]
[Round "5.17"]
[White "Shephard, Chris CW"]
[Black "Bayliss, Lyall CP"]
[Result "1-0"]
[WhiteElo "2162"]
[BlackElo "1951"]
[PlyCount "55"]
[EventDate "2014.02.15"]
[WhiteTeam "Warwickshire Select 1"]
[BlackTeam "KJCA Kings"]

1. c4 Nf6 2. Nc3 e6 3. e4 d5 4. e5 Nfd7 5. cxd5 Nxe5 6. d4 Ng6 7. Bb5+ c6 8.
dxc6 Nxc6 9. Nf3 Be7 10. O-O a6 11. Ba4 O-O 12. Be3 b5 13. Bb3 Na5 14. Bc2 Bb7
15. Qe2 Rc8 16. Rac1 Nc4 17. Be4 Bxe4 18. Nxe4 Qa5 19. b3 Nxe3 20. fxe3 Ba3 21.
Rxc8 Rxc8 22. Nfg5 Rc7 23. Qh5 Nf8 24. Nxf7 Bc1 25. Nfd6 Bxe3+ 26. Kh1 Ng6 27.
Qh3 Nf4 28. Qxe3 1-0

[Event "4NCL Division 2a"]
[Site "Hinckley Island ENG"]
[Date "2014.02.15"]
[Round "5.18"]
[White "Giles, Yasmin"]
[Black "Baruch, Andrew JD"]
[Result "1/2-1/2"]
[WhiteElo "1866"]
[BlackElo "2071"]
[PlyCount "62"]
[EventDate "2014.02.15"]
[WhiteTeam "KJCA Kings"]
[BlackTeam "Warwickshire Select 1"]

1. e4 g6 2. d4 Bg7 3. Nc3 d6 4. Be3 a6 5. f4 b5 6. Bd3 Bb7 7. Nf3 Nd7 8. e5 c5
9. O-O b4 10. Nb1 Nh6 11. c3 bxc3 12. bxc3 Ng4 13. Qe2 Nxe3 14. Qxe3 cxd4 15.
cxd4 dxe5 16. fxe5 Nb6 17. Nbd2 O-O 18. Ne4 Bxe4 19. Qxe4 f6 20. Bc2 Kh8 21. h4
Qd5 22. Qe2 Rac8 23. Bb3 Qa5 24. Qe4 Nc4 25. Rac1 Nd2 26. Nxd2 Rxc1 27. Rxc1
Qxd2 28. Rf1 Bh6 29. exf6 Qe3+ 30. Qxe3 Bxe3+ 31. Kh2 Rxf6 1/2-1/2

[Event "4NCL Division 2a"]
[Site "Hinckley Island ENG"]
[Date "2014.02.15"]
[Round "5.21"]
[White "Strugnell, Carl P"]
[Black "Spence, David J"]
[Result "1-0"]
[WhiteElo "2277"]
[BlackElo "2211"]
[PlyCount "67"]
[EventDate "2014.02.15"]
[WhiteTeam "Rhyfelwyr Essyllwg"]
[BlackTeam "Anglian Avengers 1"]

1. e4 e6 2. d4 d5 3. Nc3 Bb4 4. a3 Bxc3+ 5. bxc3 Ne7 6. Qg4 O-O 7. e5 f5 8.
exf6 Rxf6 9. Bg5 Rf7 10. Nf3 e5 11. Qg3 exd4 12. Ne5 Qe8 13. Bxe7 Rxe7 14. cxd4
c5 15. f4 Qa4 16. Bd3 Qxd4 17. Rd1 Qa4 18. O-O Qe8 19. f5 Nd7 20. Ng4 Kh8 21.
c4 dxc4 22. f6 gxf6 23. Bxc4 Rg7 24. Rde1 Qf8 25. Qf4 b5 26. Bd5 Ba6 27. Re6
Nb6 28. Rxf6 Qxf6 29. Nxf6 Nxd5 30. Nxd5 Rag8 31. Qf6 Bb7 32. Rf5 c4 33. Ne7
Bxg2 34. Rg5 1-0

[Event "4NCL Division 2a"]
[Site "Hinckley Island ENG"]
[Date "2014.02.15"]
[Round "5.22"]
[White "Schreiner, Till"]
[Black "Kett, Timothy J"]
[Result "1-0"]
[WhiteElo "2289"]
[BlackElo "2235"]
[PlyCount "63"]
[EventDate "2014.02.15"]
[WhiteTeam "Anglian Avengers 1"]
[BlackTeam "Rhyfelwyr Essyllwg"]

1. d4 Nf6 2. c4 e6 3. Nf3 d5 4. Nc3 c6 5. e3 Nbd7 6. Bd3 dxc4 7. Bxc4 b5 8. Bd3
a6 9. e4 c5 10. e5 cxd4 11. Nxb5 axb5 12. exf6 gxf6 13. O-O Qb6 14. Qe2 Bb7 15.
Bxb5 Rg8 16. Bf4 Rd8 17. a4 Bb4 18. Bg3 h5 19. Rfc1 Bd6 20. a5 Bxf3 21. Bxd7+
Rxd7 22. axb6 Bxe2 23. Bxd6 Rxd6 24. Rc8+ Ke7 25. Ra7+ Rd7 26. Rxg8 d3 27.
Rxd7+ Kxd7 28. b7 d2 29. Rd8+ Kxd8 30. b8=Q+ Kd7 31. Qa7+ Kc6 32. Qa4+ 1-0

[Event "4NCL Division 2a"]
[Site "Hinckley Island ENG"]
[Date "2014.02.15"]
[Round "5.23"]
[White "Trevelyan, John"]
[Black "Mayhew, Andrew"]
[Result "0-1"]
[WhiteElo "2138"]
[BlackElo "2089"]
[PlyCount "80"]
[EventDate "2014.02.15"]
[WhiteTeam "Rhyfelwyr Essyllwg"]
[BlackTeam "Anglian Avengers 1"]

1. d4 g6 2. c4 Nf6 3. Nc3 d5 4. Nf3 Bg7 5. Bg5 Ne4 6. cxd5 Nxg5 7. Nxg5 e6 8.
Nf3 exd5 9. e3 O-O 10. Rc1 c6 11. Be2 Re8 12. O-O Qd6 13. Na4 Nd7 14. Qc2 Nf6
15. Ne5 Bf5 16. Nd3 Nd7 17. Nac5 Nxc5 18. Qxc5 Qxc5 19. Nxc5 Bxd4 20. Nxb7 Bxb2
21. Rxc6 d4 22. Nd6 d3 23. Bf3 Red8 24. Nxf5 gxf5 25. Rd1 Rab8 26. Rc5 f4 27.
Bd5 Ba3 28. Rc3 Rxd5 29. Rxa3 fxe3 30. fxe3 Rb2 31. Raxd3 Rxd3 32. Rxd3 Rxa2
33. h3 a5 34. Kh2 a4 35. Kg3 Rb2 36. Rd4 a3 37. Ra4 a2 38. Kf3 Kf8 39. g4 Ke7
40. Ke4 Rb4+ 0-1

[Event "4NCL Division 2a"]
[Site "Hinckley Island ENG"]
[Date "2014.02.15"]
[Round "5.24"]
[White "Talsma, Paul A"]
[Black "Brown, Tom"]
[Result "1-0"]
[WhiteElo "2185"]
[BlackElo "2099"]
[PlyCount "65"]
[EventDate "2014.02.15"]
[WhiteTeam "Anglian Avengers 1"]
[BlackTeam "Rhyfelwyr Essyllwg"]

1. d4 Nf6 2. c4 d6 3. Nc3 g6 4. e4 Bg7 5. Bg5 h6 6. Be3 Ng4 7. Bc1 e5 8. d5 f5
9. exf5 gxf5 10. Nge2 Nf6 11. Ng3 O-O 12. Bd3 e4 13. Be2 c6 14. Bf4 cxd5 15.
cxd5 Na6 16. Qd2 Nb4 17. O-O h5 18. a3 h4 19. axb4 hxg3 20. Bxg3 Ne8 21. Bf4
Be5 22. f3 exf3 23. Rxf3 Bd7 24. b5 Ng7 25. Rg3 Kf7 26. Bxe5 dxe5 27. Qh6 Qf6
28. Bh5+ Nxh5 29. Qxh5+ Ke7 30. Rg6 Rh8 31. d6+ Kd8 32. Rxf6 Rxh5 33. Nd5 1-0

[Event "4NCL Division 2a"]
[Site "Hinckley Island ENG"]
[Date "2014.02.15"]
[Round "5.25"]
[White "Hewitt, William AR"]
[Black "Player, Edmund C"]
[Result "0-1"]
[WhiteElo "2045"]
[BlackElo "2245"]
[PlyCount "92"]
[EventDate "2014.02.15"]
[WhiteTeam "Rhyfelwyr Essyllwg"]
[BlackTeam "Anglian Avengers 1"]

1. e4 e6 2. d4 d5 3. Nc3 Bb4 4. e5 Ne7 5. a3 Bxc3+ 6. bxc3 b6 7. Qg4 Ng6 8. h4
h5 9. Qg3 Ba6 10. Bxa6 Nxa6 11. Bg5 Qd7 12. Ne2 Qa4 13. Qd3 c5 14. O-O Ne7 15.
Ng3 Rc8 16. Rac1 cxd4 17. cxd4 Qc4 18. Qd1 Nf5 19. Nxh5 Nxd4 20. Re1 Ne2+ 21.
Qxe2 Qxe2 22. Rxe2 Rxh5 23. c4 Rh8 24. cxd5 Rxc1+ 25. Bxc1 exd5 26. Rd2 Nc7 27.
g3 Kd7 28. Bb2 Rd8 29. f4 g6 30. Kf2 Ke6 31. Rc2 Kd7 32. Ke3 Ne6 33. g4 Ke7 34.
f5 d4+ 35. Kf3 Nc5 36. Rd2 d3 37. Ke3 gxf5 38. gxf5 Rh8 39. Rh2 Rh5 40. Kf4 d2
41. Rxd2 Rxh4+ 42. Kf3 Rh3+ 43. Kg4 Rb3 44. Rc2 Nd3 45. Rc7+ Kd8 46. Rc3 Nf2+
0-1

[Event "4NCL Division 2a"]
[Site "Hinckley Island ENG"]
[Date "2014.02.15"]
[Round "5.26"]
[White "Gray, Mark S"]
[Black "Bullen, Alex"]
[Result "1-0"]
[WhiteElo "2087"]
[BlackElo "2024"]
[PlyCount "77"]
[EventDate "2014.02.15"]
[WhiteTeam "Anglian Avengers 1"]
[BlackTeam "Rhyfelwyr Essyllwg"]

1. e4 c6 2. d4 d5 3. exd5 cxd5 4. c4 Nf6 5. Nc3 Nc6 6. Bg5 dxc4 7. Bxc4 h6 8.
Bh4 Qxd4 9. Qxd4 Nxd4 10. O-O-O e5 11. f4 Bg4 12. Nf3 Bxf3 13. gxf3 Rc8 14.
fxe5 Rxc4 15. exf6 Ne6 16. Bf2 Bc5 17. fxg7 Nxg7 18. Rhe1+ Ne6 19. Bxc5 Rxc5
20. Kb1 Rf5 21. Re3 Rg8 22. Ne4 Ke7 23. Rd2 b6 24. Ra3 a5 25. Re3 Re5 26. Rc3
Nc5 27. Nxc5 bxc5 28. Kc2 Ra8 29. Rb3 Ra6 30. Rb7+ Kf6 31. Rdd7 Re2+ 32. Kc3
Rxh2 33. Rxf7+ Ke6 34. f4 Rf2 35. Rbe7+ Kd6 36. Re3 Ra8 37. f5 Rb8 38. Re6+ Kd5
39. Rd7# 1-0

[Event "4NCL Division 2a"]
[Site "Hinckley Island ENG"]
[Date "2014.02.15"]
[Round "5.27"]
[White "Blackburn, Suzy G"]
[Black "Munson, Shaun D"]
[Result "0-1"]
[WhiteElo "1958"]
[BlackElo "2167"]
[PlyCount "82"]
[EventDate "2014.02.15"]
[WhiteTeam "Rhyfelwyr Essyllwg"]
[BlackTeam "Anglian Avengers 1"]

1. d4 d5 2. Nf3 Bf5 3. Bf4 Nf6 4. e3 c5 5. c3 Nc6 6. dxc5 e6 7. Na3 Bxc5 8. Nb5
O-O 9. Nbd4 Bg4 10. h3 Bh5 11. Qb3 Bb6 12. Nxc6 bxc6 13. Nd4 c5 14. Nc6 Qd7 15.
Bb5 Rac8 16. Nb8 Qe7 17. Nc6 Qb7 18. Bd6 Rxc6 19. Bxc6 Qxc6 20. Bxf8 Kxf8 21.
O-O Ne4 22. Qc2 Bc7 23. g4 Bg6 24. Qd1 Qd6 25. f4 f5 26. Kg2 Be8 27. Qe2 Bc6
28. Rad1 Qd7 29. c4 d4 30. Kh2 g5 31. gxf5 exf5 32. Qh5 Qg7 33. h4 h6 34. hxg5
hxg5 35. Rde1 Nf6 36. Qh3 Ng4+ 37. Kg1 dxe3 38. fxg5 Bh2+ 39. Qxh2 Nxh2 40.
Rxf5+ Kg8 41. Rxe3 Qd4 0-1

[Event "4NCL Division 2a"]
[Site "Hinckley Island ENG"]
[Date "2014.02.15"]
[Round "5.28"]
[White "Peck, Silas"]
[Black "Hatchett, Paul D"]
[Result "0-1"]
[WhiteElo "1846"]
[BlackElo "1971"]
[PlyCount "114"]
[EventDate "2014.02.15"]
[WhiteTeam "Anglian Avengers 1"]
[BlackTeam "Rhyfelwyr Essyllwg"]

1. e4 Nf6 2. e5 Nd5 3. Nc3 Nxc3 4. dxc3 d5 5. Nf3 c5 6. Bf4 Nc6 7. Qd2 Bg4 8.
Be2 e6 9. O-O-O Qa5 10. Kb1 Bxf3 11. Bxf3 c4 12. Rhe1 Be7 13. Bg5 h6 14. Bxe7
Nxe7 15. Qf4 b5 16. a3 Qb6 17. Qd4 Qc6 18. g4 g5 19. h4 gxh4 20. Rh1 Ng6 21.
Bg2 Qb6 22. f4 Qxd4 23. Rxd4 h5 24. f5 Nxe5 25. Rxh4 Ke7 26. Rxh5 Rxh5 27. gxh5
Rg8 28. Rd2 Rh8 29. Re2 Kd6 30. fxe6 fxe6 31. Ka2 Rxh5 32. Rf2 Rh2 33. Re2 Ng6
34. Bf3 Rxe2 35. Bxe2 Nf4 36. Bf1 Ke5 37. a4 a6 38. axb5 axb5 39. Ka3 Ke4 40.
Kb4 Kf3 41. Kxb5 Kf2 42. Bxc4 dxc4 43. Kxc4 e5 44. b4 e4 45. b5 Ne6 46. Kd5 e3
47. Kxe6 e2 48. b6 e1=Q+ 49. Kd7 Qe5 50. Kc8 Qc5+ 51. Kb7 Ke3 52. Ka6 Qa3+ 53.
Kb7 Ke4 54. Kb8 Qd6+ 55. Ka7 Qc5 56. c4 Ke5 57. Kb7 Kd6 0-1

[Event "4NCL Division 2a"]
[Site "Hinckley Island ENG"]
[Date "2014.02.15"]
[Round "5.31"]
[White "Beaumont, Chris R"]
[Black "Swanson, Stephen"]
[Result "1/2-1/2"]
[WhiteElo "2282"]
[BlackElo "2233"]
[PlyCount "81"]
[EventDate "2014.02.15"]
[WhiteTeam "Bristol 1"]
[BlackTeam "Poisoned Pawns"]

1. c4 g6 2. Nf3 Bg7 3. e4 e5 4. d4 exd4 5. Nxd4 Nc6 6. Nxc6 bxc6 7. Nc3 Qe7 8.
Bd3 Nf6 9. O-O O-O 10. Re1 d6 11. Bg5 Qe5 12. Qd2 Ng4 13. Bf4 Bh6 14. Bxe5 Bxd2
15. Red1 Bh6 16. Bg3 Bg7 17. Rac1 Ne5 18. Be2 Rb8 19. b3 Re8 20. c5 dxc5 21.
Na4 c4 22. Bxc4 a5 23. Be2 Rb4 24. f3 f5 25. Rc5 Nd7 26. Bc4+ Kh8 27. Rxc6 fxe4
28. fxe4 Ne5 29. Rxc7 Bg4 30. Rd5 Nxc4 31. Rxc4 Be6 32. Rxb4 Bxd5 33. Rb5 Bxe4
34. Rxa5 Rd8 35. Be5 Rd2 36. Bxg7+ Kxg7 37. Rg5 Rxa2 38. h4 Bf5 39. Rg3 Kh6 40.
Nc3 Rb2 41. Nd5 1/2-1/2

[Event "4NCL Division 2a"]
[Site "Hinckley Island ENG"]
[Date "2014.02.15"]
[Round "5.32"]
[White "Byway, Paul V"]
[Black "Rudd, Jack"]
[Result "1/2-1/2"]
[WhiteElo "2123"]
[BlackElo "2206"]
[PlyCount "44"]
[EventDate "2014.02.15"]
[WhiteTeam "Poisoned Pawns"]
[BlackTeam "Bristol 1"]

1. Nf3 Nf6 2. c4 g6 3. d4 Bg7 4. g3 O-O 5. Bg2 d6 6. O-O c5 7. dxc5 dxc5 8. Nc3
Nc6 9. Be3 Be6 10. Qa4 Qb6 11. Qb5 Nd7 12. Ng5 Nd4 13. Qxb6 Nxb6 14. Nxe6 fxe6
15. b3 Nc2 16. Rac1 Nxe3 17. fxe3 Bh6 18. Nd1 Rad8 19. Rxf8+ Kxf8 20. Kf2 Rd2
21. Nc3 Nd7 22. Rd1 Rxd1 1/2-1/2

[Event "4NCL Division 2a"]
[Site "Hinckley Island ENG"]
[Date "2014.02.15"]
[Round "5.33"]
[White "Buckley, David E"]
[Black "Goodger, Martyn"]
[Result "1/2-1/2"]
[WhiteElo "2267"]
[BlackElo "2105"]
[PlyCount "49"]
[EventDate "2014.02.15"]
[WhiteTeam "Bristol 1"]
[BlackTeam "Poisoned Pawns"]

1. d4 f5 2. Bg5 g6 3. Nd2 Nh6 4. e4 Nf7 5. Be3 fxe4 6. Nxe4 d5 7. Ng5 Nxg5 8.
Bxg5 Bg7 9. c3 O-O 10. Nf3 Nc6 11. Be2 Qd6 12. Bh4 e5 13. Bg3 Qe6 14. dxe5 Nxe5
15. O-O c6 16. Re1 Nxf3+ 17. Bxf3 Qf7 18. Bd6 Re8 19. Rxe8+ Qxe8 20. Qd2 Be6
21. Re1 Qd7 22. Be5 Bxe5 23. Rxe5 Re8 24. Qe3 Bf7 25. Rxe8+ 1/2-1/2

[Event "4NCL Division 2a"]
[Site "Hinckley Island ENG"]
[Date "2014.02.15"]
[Round "5.34"]
[White "Redman, David J"]
[Black "Dilleigh, Stephen P"]
[Result "1/2-1/2"]
[WhiteElo "1803"]
[BlackElo "2146"]
[PlyCount "45"]
[EventDate "2014.02.15"]
[WhiteTeam "Poisoned Pawns"]
[BlackTeam "Bristol 1"]

1. d4 d5 2. c4 e6 3. Nf3 Nf6 4. Nc3 Be7 5. Bg5 h6 6. Bh4 O-O 7. e3 Ne4 8. Bxe7
Qxe7 9. Qb3 Nxc3 10. bxc3 Rd8 11. Bd3 c5 12. O-O Nc6 13. Rfd1 Na5 14. Qa3 Nxc4
15. Bxc4 dxc4 16. Qxc5 Qxc5 17. dxc5 Bd7 18. Rab1 Bb5 19. Nd4 Ba6 20. c6 bxc6
21. Nxc6 Rxd1+ 22. Rxd1 Bb5 23. Rd6 1/2-1/2

[Event "4NCL Division 2a"]
[Site "Hinckley Island ENG"]
[Date "2014.02.15"]
[Round "5.35"]
[White "Krzyzanowski, Patryk"]
[Black "Rosen, Daniel B"]
[Result "0-1"]
[WhiteElo "2004"]
[BlackElo "2078"]
[PlyCount "76"]
[EventDate "2014.02.15"]
[WhiteTeam "Bristol 1"]
[BlackTeam "Poisoned Pawns"]

1. c4 e5 2. Nc3 Nc6 3. Nf3 d6 4. g3 Be7 5. Bg2 f5 6. d3 Nf6 7. Bg5 O-O 8. O-O
Qe8 9. Nd2 Nd4 10. b4 Ne6 11. Bxf6 Bxf6 12. Rb1 Rb8 13. a4 Bd7 14. b5 Qh5 15.
e3 Qh6 16. Nd5 f4 17. Ne4 Bg5 18. Qg4 f3 19. Bxf3 Nd4 20. Ndf6+ Bxf6 21. Qxd7
Nxf3+ 22. Kg2 Rf7 23. Qg4 Ng5 24. Nc3 Be7 25. Nd5 Ne6 26. a5 Rbf8 27. b6 axb6
28. axb6 c6 29. Nc7 Rf6 30. Ra1 Bd8 31. Ra7 Bxc7 32. bxc7 Nxc7 33. Rxb7 Ne6 34.
Rb6 Nd8 35. d4 exd4 36. Qxd4 Qh5 37. Rb8 Qe2 38. Rb2 Rxf2+ 0-1

[Event "4NCL Division 2a"]
[Site "Hinckley Island ENG"]
[Date "2014.02.15"]
[Round "5.36"]
[White "McCorry, Robert T"]
[Black "Musson, Adam J"]
[Result "0-1"]
[WhiteElo "2052"]
[BlackElo "2071"]
[PlyCount "70"]
[EventDate "2014.02.15"]
[WhiteTeam "Poisoned Pawns"]
[BlackTeam "Bristol 1"]

1. d4 Nf6 2. c4 g6 3. Nc3 d5 4. cxd5 Nxd5 5. e4 Nxc3 6. bxc3 Bg7 7. Bb5+ Bd7 8.
Bc4 O-O 9. Ne2 c5 10. O-O Nc6 11. Be3 Na5 12. Bd3 c4 13. Bc2 f5 14. e5 e6 15.
Qd2 Nc6 16. Bg5 Qe8 17. Rab1 b6 18. Rfe1 Rc8 19. Ng3 Rf7 20. h4 Nb8 21. h5 Bc6
22. hxg6 hxg6 23. f4 Bf8 24. Kf2 Be7 25. Bxe7 Qxe7 26. Rh1 Rh7 27. Rxh7 Kxh7
28. Qe2 Bd5 29. Rh1+ Kg7 30. Nh5+ gxh5 31. Qxh5 Rg8 32. Bxf5 Kf8 33. Bh3 Qg7
34. Qh4 Nc6 35. g4 Bxh1 0-1

[Event "4NCL Division 2a"]
[Site "Hinckley Island ENG"]
[Date "2014.02.15"]
[Round "5.38"]
[White "Sucikova, Svetlana"]
[Black "Slade, Theo"]
[Result "1-0"]
[WhiteElo "1952"]
[BlackElo "1805"]
[PlyCount "41"]
[EventDate "2014.02.15"]
[WhiteTeam "Poisoned Pawns"]
[BlackTeam "Bristol 1"]

1. c4 c5 2. Nc3 Nc6 3. g3 g6 4. Bg2 Bg7 5. Nf3 e5 6. d3 Nge7 7. O-O O-O 8. Ne1
d6 9. Nc2 Be6 10. Ne3 f5 11. Ned5 h6 12. Rb1 g5 13. b4 cxb4 14. Nxb4 f4 15.
Nbd5 Qd7 16. Ba3 g4 17. Nb5 fxg3 18. hxg3 Nf5 19. Ndc7 Rac8 20. Nxe6 Qxe6 21.
Bd5 1-0

[Event "4NCL Division 2a"]
[Site "Hinckley Island ENG"]
[Date "2014.02.15"]
[Round "5.41"]
[White "Hill, Alistair"]
[Black "Rutter, Nick J"]
[Result "1-0"]
[WhiteElo "2117"]
[BlackElo "2183"]
[PlyCount "103"]
[EventDate "2014.02.15"]
[WhiteTeam "Cambridge University 2"]
[BlackTeam "Wessex"]

1. e4 c5 2. Nf3 Nc6 3. d4 cxd4 4. Nxd4 Nf6 5. Nc3 e5 6. Ndb5 d6 7. Bg5 a6 8.
Na3 b5 9. Bxf6 gxf6 10. Nd5 f5 11. Bd3 Be6 12. c4 Qa5+ 13. Qd2 Qxd2+ 14. Kxd2
Bxd5 15. exd5 Bh6+ 16. Kd1 Nb4 17. Bxf5 O-O 18. cxb5 axb5 19. Nxb5 Nxa2 20. Ke2
Rfb8 21. Bd7 Ra4 22. Rhb1 Rba8 23. Kf1 Nc1 24. Rxa4 Rxa4 25. g3 Nb3 26. Kg2 Rb4
27. Nxd6 Nd2 28. Re1 e4 29. Re2 e3 30. Nf5 Bf8 31. Nxe3 Rxb2 32. Nf5 Nc4 33.
Rxb2 Nxb2 34. Bb5 Bc5 35. d6 Kf8 36. f4 Nd1 37. Kf3 Nc3 38. Bc6 Bb6 39. Kg4 Ne2
40. Kh5 Nd4 41. Nxd4 Bxd4 42. Kh6 Bg1 43. h4 Bh2 44. d7 Ke7 45. g4 Bxf4+ 46.
Kxh7 Bc7 47. Kg7 Be5+ 48. Kg8 f6 49. Kh7 Bc7 50. Kg7 Be5 51. Kg6 Bc7 52. h5 1-0

[Event "4NCL Division 2a"]
[Site "Hinckley Island ENG"]
[Date "2014.02.15"]
[Round "5.42"]
[White "Simons, Martin J"]
[Black "Lee, Richard WY"]
[Result "0-1"]
[WhiteElo "2101"]
[BlackElo "2125"]
[PlyCount "82"]
[EventDate "2014.02.15"]
[WhiteTeam "Wessex"]
[BlackTeam "Cambridge University 2"]

1. d4 d5 2. e4 dxe4 3. Nc3 Bf5 4. f3 e3 5. Bxe3 e6 6. Nge2 c6 7. g4 Bg6 8. Qd2
Bd6 9. O-O-O Nf6 10. h4 h5 11. g5 Nd5 12. Nxd5 cxd5 13. Nf4 Bxf4 14. Bxf4 O-O
15. Bd3 Bxd3 16. Qxd3 g6 17. Rde1 Qd7 18. Be5 Nc6 19. Bf6 Ne7 20. Bxe7 Qxe7 21.
Re5 Qc7 22. f4 Rfd8 23. Rhe1 Rac8 24. Kb1 Qc4 25. Qd2 Rd6 26. R5e3 Ra6 27. b3
Qc7 28. Re5 Rc6 29. R1e2 b5 30. a3 Kg7 31. Kb2 a5 32. Qd1 Rc3 33. f5 gxf5 34.
g6 Kxg6 35. Qd2 Rg3 36. Rg2 Qc3+ 37. Qxc3 Rcxc3 38. Rxg3+ Rxg3 39. c4 bxc4 40.
bxc4 dxc4 41. Rxa5 Rd3 0-1

[Event "4NCL Division 2a"]
[Site "Hinckley Island ENG"]
[Date "2014.02.15"]
[Round "5.43"]
[White "Beckett, Chris J"]
[Black "Pleasants, Allan J"]
[Result "1/2-1/2"]
[WhiteElo "2123"]
[BlackElo "2054"]
[PlyCount "100"]
[EventDate "2014.02.15"]
[WhiteTeam "Cambridge University 2"]
[BlackTeam "Wessex"]

1. d4 Nf6 2. c4 c5 3. d5 b5 4. Nd2 d6 5. e4 Nbd7 6. Ngf3 g6 7. cxb5 Bg7 8. a4
a6 9. Ra3 O-O 10. Bd3 Ng4 11. O-O Nge5 12. Nxe5 Nxe5 13. Be2 f5 14. exf5 gxf5
15. bxa6 Bxa6 16. Bxa6 Rxa6 17. Qh5 Qe8 18. Qh4 Bf6 19. Qf4 Qd7 20. Nf3 Nxf3+
21. Qxf3 Rxa4 22. Rxa4 Qxa4 23. Qxf5 Qd4 24. Bh6 Rb8 25. Rb1 Qe5 26. Qxe5 Bxe5
27. Kf1 Kf7 28. Ke2 Kg6 29. Bc1 Kf5 30. Kd3 Rb3+ 31. Kc2 Rb8 32. Kd3 Rb4 33.
Be3 c4+ 34. Kc2 Ke4 35. Bg5 Rb7 36. f4 Bd4 37. b3 cxb3+ 38. Rxb3 Rc7+ 39. Kd2
Ra7 40. g3 Ra2+ 41. Kc1 Kxd5 42. Bxe7 Kc4 43. Rf3 d5 44. f5 Bc3 45. f6 d4 46.
f7 d3 47. Rf4+ Kd5 48. Rf5+ Ke6 49. Rf6+ Kd5 50. Rd6+ Ke4 1/2-1/2

[Event "4NCL Division 2a"]
[Site "Hinckley Island ENG"]
[Date "2014.02.15"]
[Round "5.44"]
[White "Gregory, Keith DF"]
[Black "Pickard, Charles"]
[Result "0-1"]
[WhiteElo "2039"]
[BlackElo "2111"]
[PlyCount "58"]
[EventDate "2014.02.15"]
[WhiteTeam "Wessex"]
[BlackTeam "Cambridge University 2"]

1. Nf3 c5 2. c4 Nc6 3. g3 g6 4. Bg2 Bg7 5. O-O e5 6. Nc3 Nge7 7. d3 O-O 8. Bd2
Rb8 9. Qc1 d6 10. Bh6 a6 11. Bxg7 Kxg7 12. b3 h6 13. Qb2 Kh7 14. Rad1 Be6 15.
e3 f5 16. d4 cxd4 17. exd4 e4 18. Ne1 d5 19. c5 f4 20. f3 fxg3 21. fxe4 gxh2+
22. Kh1 Rxf1+ 23. Bxf1 dxe4 24. Qxh2 Nd5 25. Nxd5 Bxd5 26. Nc2 Qg5 27. Bg2 Rf8
28. Qh3 Rf4 29. Kg1 Rg4 0-1